Introducción a la termodinámica en ingeniería química
Kaydedildi:
| Asıl Yazarlar: | , , |
|---|---|
| Materyal Türü: | Kitap |
| Dil: | İspanyolca |
| Baskı/Yayın Bilgisi: |
Ciudad de México, México
McGraw-Hill
2007
|
| Edisyon: | Séptima edición |
| Seri Bilgileri: | Ingeniería Química
|
| Konular: | |
| Online Erişim: | Disponible Online |
| Etiketler: |
Etiketle
Etiket eklenmemiş, İlk siz ekleyin!
|
MARC
| LEADER | 00000cam a2200000 a 4500 | ||
|---|---|---|---|
| 001 | UCI2255 | ||
| 003 | CL-VaPUC | ||
| 005 | 20210529001744.0 | ||
| 008 | 070810e20070000MX |||||||||||||||||spa|d | ||
| 999 | |c 326889 |d 326887 | ||
| 020 | |a 9789701061473 | ||
| 040 | |c Pontificia Universidad Católica de Valparaíso | ||
| 082 | 0 | 4 | |a 660.296 SMI 2007 |2 21 |
| 100 | 0 | |a Smith, J. M |e author |9 523208 | |
| 245 | 1 | 0 | |a Introducción a la termodinámica en ingeniería química |
| 250 | |a Séptima edición | ||
| 260 | |a Ciudad de México, México |b McGraw-Hill |c 2007 | ||
| 300 | |a 816 páginas | ||
| 440 | |a Ingeniería Química |9 860788 | ||
| 583 | |a last modification |c 20190618 10:40:15 |k Rodrigo Vera | ||
| 650 | 0 | |a Termodinámica |9 259320 | |
| 650 | 0 | |a Ingeniería Química |2 CL-VaPUC |9 8 | |
| 650 | 0 | |a Fuerza |9 345825 | |
| 650 | 0 | |a Temperatura |2 CL-VaPUC |9 355236 | |
| 650 | 0 | |a Energía |9 259431 | |
| 650 | 0 | |a Reacciones químicas |9 259438 | |
| 700 | 0 | |a Van Ness, H. C |e author |9 523209 | |
| 700 | 0 | |a Abbott, Michael M |e author |9 523210 | |
| 856 | |u http://bibliografiadigital.pucv.cl.pucv.idm.oclc.org/index.php/bibliotecapucv/catalog/book/458 |y Disponible Online | ||
| 942 | |c BK |2 ddc | ||
| 945 | |d 20070810 00:00:00 |a jtorresc | ||
| 952 | |0 0 |1 0 |4 0 |6 660_296000000000000_SMI_2007 |7 0 |8 A |9 409108 |a BIBMEC |b BIBMEC |d 2019-11-22 |i 4363396 |o 660.296 SMI 2007 |p 4363396 |r 2024-01-19 |w 2019-11-22 |y BK |k MEC | ||
| 952 | |0 0 |1 2 |4 0 |6 660_296000000000000_SMI_2007 |7 0 |8 R |9 409109 |a BIBING |b BIBING |d 2019-11-22 |i 4707079 |o 660.296 SMI 2007 |p 4707079 |r 2019-11-22 |w 2019-11-22 |y BK_R |k ING | ||
| 952 | |0 0 |1 0 |2 ddc |4 0 |6 660_296000000000000_SMI_2007 |7 0 |8 A |9 409110 |a BIBING |b BIBING |c RES |d 2019-11-22 |i 4726472 |l 6 |m 1 |o 660.296 SMI 2007 |p 4726472 |r 2025-01-20 |s 2024-11-18 |w 2019-11-22 |y BK |k EIQ | ||
| 952 | |0 0 |1 0 |2 ddc |4 0 |6 660_296000000000000_SMI_2007 |7 0 |8 A |9 409111 |a BIBING |b BIBING |c RES |d 2019-11-22 |i 4726480 |l 3 |m 1 |o 660.296 SMI 2007 |p 4726480 |r 2025-01-20 |s 2024-08-26 |w 2019-11-22 |y BK |k EIQ | ||
| 952 | |0 0 |1 0 |2 ddc |4 0 |6 660_296000000000000_SMI_2007 |7 0 |8 A |9 409112 |a BIBING |b BIBING |c RES |d 2019-11-22 |i 4726499 |o 660.296 SMI 2007 |p 4726499 |r 2025-01-20 |w 2019-11-22 |y BK |k EIQ | ||
| 952 | |0 0 |1 2 |4 0 |6 660_296000000000000_SMI_2007 |7 0 |8 R |9 409113 |a BIBING |b BIBING |d 2019-11-22 |i 4726502 |o 660.296 SMI 2007 |p 4726502 |r 2019-11-22 |w 2019-11-22 |y BK_R |k EIQ | ||
| 952 | |0 0 |1 2 |4 0 |6 660_296000000000000_SMI_2007 |7 0 |8 R |9 409114 |a BIBING |b BIBING |d 2019-11-22 |i 4744721 |o 660.296 SMI 2007 |p 4744721 |r 2019-11-22 |w 2019-11-22 |y BK_R |k EIQ | ||
| 952 | |0 0 |1 0 |2 ddc |4 0 |6 660_296000000000000_SMI_2007 |7 0 |8 A |9 409115 |a BIBING |b BIBING |c RES |d 2019-11-22 |i 474473K |l 3 |o 660.296 SMI 2007 |p 474473K |r 2025-01-20 |s 2024-05-03 |w 2019-11-22 |y BK |k EIQ | ||
| 952 | |0 0 |1 0 |2 ddc |3 erb |4 0 |6 660_296000000000000_SMI_2007 |7 0 |8 A |9 409116 |a BIBING |b BIBING |c RES |i 5340128 |l 2 |o 660.296 SMI 2007 |p 5340128 |r 2025-01-20 |s 2024-09-03 |w 2019-11-22 |y BK |z Catalogado en:20160902 |k EIQ | ||
| 952 | |0 0 |1 0 |2 ddc |3 erb |4 0 |6 660_296000000000000_SMI_2007 |7 0 |8 A |9 409117 |a BIBING |b BIBING |c RES |i 5340136 |l 1 |o 660.296 SMI 2007 |p 5340136 |r 2025-01-20 |s 2022-09-05 |w 2019-11-22 |y BK |z Catalogado en:20160902 |k EIQ | ||
| 952 | |0 0 |1 0 |2 ddc |3 erb |4 0 |6 660_296000000000000_SMI_2007 |7 0 |8 A |9 409118 |a BIBING |b BIBING |c RES |i 5340144 |l 3 |m 1 |o 660.296 SMI 2007 |p 5340144 |r 2025-04-28 |s 2025-04-10 |w 2019-11-22 |y BK |z Catalogado en:20160902 |k EIQ | ||
| 952 | |0 0 |1 0 |2 ddc |3 erb |4 0 |6 660_296000000000000_SMI_2007 |7 0 |8 A |9 409119 |a BIBING |b BIBING |c RES |i 5340152 |l 4 |o 660.296 SMI 2007 |p 5340152 |r 2025-01-20 |s 2024-08-13 |w 2019-11-22 |y BK |z Catalogado en:20160902 |k EIQ | ||
| 952 | |0 0 |1 0 |2 ddc |3 erb |4 0 |6 660_296000000000000_SMI_2007 |7 0 |8 A |9 409121 |a BIBING |b BIBING |c RES |i 5438640 |l 10 |m 1 |o 660.296 SMI 2007 |p 5438640 |r 2025-01-20 |s 2024-08-05 |w 2019-11-22 |y BK |z Catalogado en:20171124 |k EIB | ||
| 952 | |0 0 |1 0 |2 ddc |3 erb |4 0 |6 660_296000000000000_SMI_2007 |7 0 |8 A |9 409122 |a BIBING |b BIBING |c RES |i 5438659 |l 11 |o 660.296 SMI 2007 |p 5438659 |r 2025-04-21 |s 2025-04-10 |w 2019-11-22 |y BK |z Catalogado en:20171124 |k EIB | ||
| 952 | |0 0 |1 0 |2 ddc |3 erb |4 0 |6 660_296000000000000_SMI_2007 |7 0 |8 A |9 409123 |a BIBING |b BIBING |c RES |i 5438667 |l 17 |m 1 |o 660.296 SMI 2007 |p 5438667 |q 2025-06-09 |r 2025-05-09 |s 2025-05-09 |w 2019-11-22 |y BK |z Catalogado en:20171124 |k EIB | ||
| 952 | |0 0 |1 0 |2 ddc |3 erb |4 0 |6 660_296000000000000_SMI_2007 |7 0 |8 A |9 409124 |a BIBING |b BIBING |c RES |i 5438675 |l 8 |o 660.296 SMI 2007 |p 5438675 |r 2025-01-20 |s 2024-12-04 |w 2019-11-22 |y BK |z Catalogado en:20171124 |k EIB | ||
| 952 | |0 0 |1 0 |2 ddc |3 erb |4 0 |6 660_296000000000000_SMI_2007 |7 0 |8 A |9 409125 |a BIBING |b BIBING |c RES |i 5438683 |l 5 |m 1 |o 660.296 SMI 2007 |p 5438683 |r 2025-01-20 |s 2024-08-23 |w 2019-11-22 |y BK |z Catalogado en:20171124 |k EIB | ||
| 952 | |0 0 |1 0 |2 ddc |3 erb |4 0 |6 660_296000000000000_SMI_2007 |7 0 |8 A |9 409126 |a BIBING |b BIBING |c RES |i 5438691 |l 17 |m 1 |o 660.296 SMI 2007 |p 5438691 |r 2025-01-20 |s 2024-11-07 |w 2019-11-22 |y BK |z Catalogado en:20171124 |k EIB | ||
| 952 | |0 0 |1 0 |2 ddc |3 erb |4 0 |6 660_296000000000000_SMI_2007 |7 0 |8 A |9 409127 |a BIBING |b BIBING |c RES |i 5438705 |l 11 |m 4 |o 660.296 SMI 2007 |p 5438705 |r 2025-04-17 |s 2025-04-10 |w 2019-11-22 |y BK |z Catalogado en:20171124 |k EIB | ||
| 952 | |0 0 |1 0 |2 ddc |3 erb |4 0 |6 660_296000000000000_SMI_2007 |7 0 |8 A |9 409128 |a BIBING |b BIBING |c RES |i 5438713 |l 9 |o 660.296 SMI 2007 |p 5438713 |r 2025-01-20 |s 2024-11-13 |w 2019-11-22 |y BK |z Catalogado en:20171124 |k EIB | ||
| 952 | |0 0 |1 0 |2 ddc |3 erb |4 0 |6 660_296000000000000_SMI_2007 |7 0 |8 A |9 409129 |a BIBING |b BIBING |c RES |i 5438721 |l 8 |o 660.296 SMI 2007 |p 5438721 |r 2025-04-17 |s 2025-04-09 |w 2019-11-22 |y BK |z Catalogado en:20171124 |k EIB | ||
| 952 | |0 0 |1 0 |2 ddc |3 erb |4 0 |6 660_296000000000000_SMI_2007 |7 0 |8 A |9 409130 |a BIBING |b BIBING |c RES |i 543873K |l 9 |o 660.296 SMI 2007 |p 543873K |r 2025-01-20 |s 2024-11-22 |w 2019-11-22 |y BK |z Catalogado en:20171124 |k EIB | ||
| 952 | |0 0 |1 0 |2 ddc |3 erb |4 0 |6 660_296000000000000_SMI_2007 |7 0 |8 A |9 409131 |a BIBING |b BIBING |c RES |i 5470048 |l 12 |m 2 |o 660.296 SMI 2007 |p 5470048 |r 2025-01-20 |s 2024-08-21 |w 2019-11-22 |y BK |z Catalogado en:20180518 |k EIQ | ||
| 952 | |0 0 |1 0 |2 ddc |3 erb |4 0 |6 660_296000000000000_SMI_2007 |7 0 |8 A |9 409132 |a BIBING |b BIBING |c RES |i 5470056 |l 5 |o 660.296 SMI 2007 |p 5470056 |r 2025-01-20 |s 2024-10-08 |w 2019-11-22 |y BK |z Catalogado en:20180518 |k EIQ | ||
| 952 | |0 0 |1 0 |2 ddc |3 erb |4 0 |6 660_296000000000000_SMI_2007 |7 0 |8 A |9 409133 |a BIBING |b BIBING |c RES |i 5470064 |l 19 |m 9 |o 660.296 SMI 2007 |p 5470064 |r 2025-05-05 |s 2025-04-07 |w 2019-11-22 |y BK |z Catalogado en:20180518 |k EIQ | ||
| 952 | |0 0 |1 0 |2 ddc |3 erb |4 0 |6 660_296000000000000_SMI_2007 |7 0 |8 A |9 409134 |a BIBING |b BIBING |c RES |i 5470072 |l 4 |m 4 |o 660.296 SMI 2007 |p 5470072 |r 2025-01-20 |s 2024-10-18 |w 2019-11-22 |y BK |z Catalogado en:20180518 |k EIQ | ||
| 952 | |0 0 |1 0 |2 ddc |3 erb |4 0 |6 660_296000000000000_SMI_2007 |7 0 |8 A |9 409135 |a BIBING |b BIBING |c RES |i 5470080 |l 2 |o 660.296 SMI 2007 |p 5470080 |r 2025-01-20 |s 2024-11-05 |w 2019-11-22 |y BK |z Catalogado en:20180518 |k EIQ | ||
| 952 | |0 0 |1 0 |2 ddc |3 erb |4 0 |6 660_296000000000000_SMI_2007 |7 0 |8 A |9 409136 |a BIBING |b BIBING |c RES |i 5470099 |l 10 |m 3 |o 660.296 SMI 2007 |p 5470099 |r 2025-01-20 |s 2024-08-12 |w 2019-11-22 |y BK |z Catalogado en:20180518 |k EIQ | ||